MARC

LEADER 00000nam0a2200000 4500
001 284359
005 20231101235703.0
035 |a (RuTPU)RU\TPU\book\308514 
035 |a RU\TPU\book\87689 
090 |a 284359 
100 |a 20150213d1975 k y0rusy50 ca 
101 0 |a rus 
102 |a RU 
105 |a ab z 001zy 
200 1 |a Минералы и парагенезисы минералов метасоматических и метаморфических горных пород  |e сборник статей  |f Всесоюзное минералогическое общество; под ред. П. М. Татаринова 
210 |a Ленинград  |c Наука  |d 1975 
215 |a 125 с.  |c ил. 
320 |a Библиогр. в конце статей 
606 1 |a Горные породы  |x Минералогический состав  |2 stltpush  |3 (RuTPU)RU\TPU\subj\38783  |9 59085 
606 1 |a Минералы  |x Парагенезис  |2 stltpush  |3 (RuTPU)RU\TPU\subj\43971  |9 63376 
610 1 |a хлориты 
610 1 |a метаморфические породы 
610 1 |a метасоматические породы 
610 1 |a Сибирская платформа 
610 1 |a туфогенные породы 
610 1 |a осадочные породы 
610 1 |a флюориты 
610 1 |a кристаллическое строение 
610 1 |a Украинский щит 
610 1 |a бериллиевое оруднение 
610 1 |a кварцевые жилы 
675 |a 552.1  |v 4 
675 |a 552.13  |v 4 
702 1 |a Татаринов  |b П. М.  |g Павел Михайлович  |4 340 
712 0 2 |a Всесоюзное минералогическое общество  |2 stltpush  |3 (RuTPU)RU\TPU\col\6861 
801 1 |a RU  |b 63413507  |c 20050921  |g PSBO 
801 2 |a RU  |b 63413507  |c 20211028  |g PSBO 
942 |c BK